[Geometry Dash] All Gauntlet Levels - Statistics

General Stats
  • This quiz has been taken 388 times
    373 since last reset
  • The average score is 25 of 75
Answer Stats
Gauntlet Answer % Correct
Fire Outerspace
78%
Fire Magmatic Sanctuary
68%
Demon Sidestep
65%
Poison Acid Factory
63%
Monster Slam
59%
Chaos Anubis
58%
Ice Amplification
56%
Demon HeLL
56%
Chaos Scarlet Surge
56%
Chaos Kappaclysm
54%
Fire Shock
54%
Fire First Race
53%
Lava Fire Aura
51%
Monster OMG Aliens
51%
Doom Extinction
49%
Fire Overture
49%
Poison Generation Retro
48%
Lava Ichor
47%
Bonus Chambers
46%
Chaos Dark Drop
44%
Crystal Lustre
42%
Death Ghoul
41%
Shadow Spooky Light
40%
Demon Mechanical Showdown
39%
Time Mind Control
39%
Poison Beast Mode Full
38%
Chaos Drippy Dub
37%
Ice Geobound
37%
Poison Ground Zero
36%
Poison Shrimp
36%
Demon Traction
36%
Shadow GhostTown
35%
Lava Infernal Arena
35%
Bonus Battletown
34%
Ice Carnation
34%
Lava Frontline Full
33%
Bonus Crazy Ball
32%
Demon Vibration
31%
Shadow Ominous
30%
Ice Polihedral
29%
Magic Schade
29%
Ice Skyward
29%
Lava Danger Zone
28%
Doom Nowise
28%
Time Rose
28%
Doom Buried Angel
27%
Crystal Crystal Essence
27%
Shadow Fear Zone
27%
Shadow Infusion
27%
Bonus Payload
27%
Doom Darkness Keeper
25%
Monster Monster Mischief
25%
Bonus Rising
24%
Magic Aquarius
23%
Spike Desert Bounce
23%
Time Half Past Twelve
23%
Monster Hellgate Menace
23%
Doom Shrill Hallway
22%
Death The Behemoth
22%
Magic Odyssey
21%
Spike Powerful
20%
Death Predator
20%
Death Adust
18%
Crystal Crystal Fusion
18%
Death Shuriken
18%
Crystal Sanctuary Of Light
17%
Spike Tenebris
17%
Magic Empyrean
16%
Time Timeless
15%
Crystal Prismarine
14%
Time Silence
10%
Spike Dangerous Spikes
5%
Magic Galaxium
4%
Monster Mechansim
1%
Spike Purelands
1%
No matching quizzes found
Score Distribution
Percent of People with Each Score
Percentile by Number Answered
Your Score History
You have not taken this quiz since the last reset